| 000 | 00618nam a2200193 a 4500 | ||
|---|---|---|---|
| 005 | 20240426063704.0 | ||
| 008 | 991125s1933 mx 000 0 spa u | ||
| 035 | _aUPN01000002535 | ||
| 049 | _aCG | ||
| 050 | 4 |
_aF1234 _aR6.3 |
|
| 100 | 1 |
_aRomero Flores, Jesús, _d1885-1987 _929429 |
|
| 245 | 1 | 0 |
_aAnales históricos de la Revolución Mexicana / _cJesús Romero Flores. |
| 260 |
_aMéxico : _bEl Nacional, _c1933. |
||
| 300 |
_av. : _bil. |
||
| 440 | 0 | _aBiblioteca del maestro | |
| 500 | _aEl v.1 está disponible en la Colección Medina | ||
| 651 | 4 |
_aMéxico _xHistoria _yRevolución, 1910-1917 _9223 |
|
| 905 | _aLibro | ||
| 999 |
_c2535 _d2535 |
||